000 00835nam a22002297a 4500
999 _c9135
_d9135
003 AR-CdUCM
008 190327b ||||| |||| 00| 0 spa d
040 _aMUNICIPALIDAD PROVINCIAL DEL CUSCO
_cBIBLIOTECA MUNICIPAL DEL CUSCO
082 _a373.4 /
_bAC21
100 _aAco Cataldo, Raúl P.
_925169
245 _aMetodología de la investigación científica :
_bSinopsis de elementos básicos y modelo de investigación concreta /
260 _aLima :
_bUniverso,
_c1980.
300 _a150 páginas ;
_c20 cm.
440 _aTextos Universitarios.
_925170
505 _aContenido: 1° parte, Elementos básicos -- 2° parte, Modelo de investigación concreta.
650 _aInvestigación
_91940
650 _aCiencia
_92098
650 _aTécnica
_913122
650 _aMetodología
_92264
942 _2ddc
_cLIBROS
945 _aachl